Monster hunter World Monstres - Statistiques

Statistiques générales
  • Ce quiz a été pris 787 fois
  • Le résultat moyen est 29 sur 36
Statistiques - réponses
Par images Réponse % Correct
Rathian
96%
Diablos
94%
Rathalos
94%
Barroth
93%
Anjanath
91%
Grand Jagra
91%
Pukei Pukei
91%
Kirin
90%
Rathalos azur
90%
Nergigante
88%
Kulu Ya Ku
87%
Rathian Sakura
87%
Teostra
87%
Odogaron
86%
Deviljho
84%
Lunastra
84%
Tobi Kadachi
83%
Diablos noire
82%
Legiana
82%
Bazelgeuse
81%
Behemoth
81%
Paolumu
80%
Kushala Daora
79%
Uragaan
79%
Grand Girros
77%
Dodogama
74%
Xeno jiva
73%
Zorah magdaros
73%
Lavasioth
72%
TziTzi Ya Ku
72%
Radoban
71%
Jyuratodus
68%
Kulve Taroth
66%
Leshen
64%
Val Hazak
64%
Vieux Leshen
48%
Aucun quiz correspondant
Distribution des résultats
% des personnes avec chaque résultat
Percentile par nombre de réponses
Votre historique - résultats
Vous n’avez pas pris ce quiz